| 000 | nam a22 7a 4500 | ||
|---|---|---|---|
| 999 |
_c48101 _d48101 |
||
| 005 | 20170106123409.0 | ||
| 008 | 170106b xxu||||| |||| 00| 0 eng d | ||
| 020 | _a9781118859797 | ||
| 040 | _cDLC | ||
| 082 | _a621.3824 NAK | ||
| 245 |
_aLow-profile natural and metamaterial antennas _c Nakano, Hisamatsu, |
||
| 260 |
_aNew Jersey _bWiley _c2016 |
||
| 942 |
_2ddc _cBK |
||